Guess the Movie from the Characters #4 - Statistics

General Stats
  • This quiz has been taken 91 times
  • The average score is 3 of 10
Answer Stats
Hint Answer % Correct
Tony Stark (Iron Man) / Steve Rogers (Captain America) / Bruce Banner (Hulk) / Thor The Avengers
98%
Kevin Brown (Agent K) / James Darrell Edwards III (Agent J) / Dr. Laurel Weaver (Agent L) / Edgar (The Bug) Men in Black
51%
Kevin / Stuart / Bob / Scarlet Overkill Minions
43%
Jack Torrance / Wendy Torrance / Danny "Doc" Torrance / Dick Hallorann The Shining
39%
Cooper / Dr. Amelia Brand / Murphy "Murph" Cooper / Professor John Brand Interstellar
24%
Travis Bickle / Iris Steensma / Betsy / Matthew "Sport" Higgins Taxi Driver
24%
FBI Agent Johnny Utah / Bodhi 'Bodhisattva' / FBI Agent Angelo Pappas / Tyler Ann Endicott Point Break
20%
James Bond (Agent 007) / Ernst Stavro Blofeld / Madeleine Swann / Eve Moneypenny Spectre
19%
Lenny Feder / Eric Lamonsoff / Kurt McKenzie / Marcus Higgins Grown Ups
8%
Jackson Curtis / Adrian Helmsley / Kate Curtis / Carl Anheuser 2012
2%
No matching quizzes found
Score Distribution
Percent of People with Each Score
Percentile by Number Answered
Your Score History
You have not taken this quiz